000 00449nam a2200205Ia 4500
003 0100
008 130227s9999 xx 000 0 und d
040 _cARRUPELIB
050 _aB240.F724M393 2006
100 _aMay, Todd
245 4 _aThe philosophy of foucault
260 _aChesham
260 _bAcumen
260 _C2006
300 _axi
300 _b 170p. 24cm.
650 _bAbsolute The
650 _cAtonement
942 _2lcc
_01
999 _c5873
_d5873